| 000 | 00789nam a2200229 a 4500 | ||
|---|---|---|---|
| 001 | 59041 | ||
| 003 | BD-RjUL | ||
| 005 | 20211209080704.0 | ||
| 008 | 161220s19131968nyu 000 0 eng | ||
| 035 | _a(BD-RjUL)59165 | ||
| 040 |
_aDLC _cTOL _dISL _dEQO _beng |
||
| 041 | _aeng | ||
| 082 |
_223 _a331.893 _bLAB 1968 |
||
| 090 |
_aHD5461 _b.L3 |
||
| 100 | 1 |
_aLaidler, Harry W. _q(Harry Wellington), _d1884-1970. _9175607 |
|
| 245 | 1 | 0 |
_aBoycotts and the labor struggle : _beconomic and legal aspects / _cby Harry W. Laidler; with an introduction by Henry R. Seager... |
| 260 |
_aNew York : _bJohn Lane company ; _aLondon : _bJohn Lane; [etc., etc.], _c1913 [Reissued 1968] |
||
| 300 |
_a488p. ; _c21cm. |
||
| 504 | _aBibliography: p. 473-480. | ||
| 650 | 0 |
_aBoycotts. _9175608 |
|
| 942 |
_2ddc _cBK |
||
| 999 |
_c59041 _d59041 |
||